000 00766nam a22002777a 4500
003 3228
005 20250814115431.0
008 230515b sa ||||| |||| 00| 0 eng d
020 _a9781481489317
_qhbk
040 _cRDA
_a3228
041 _2E
082 _aEJF GREE
100 _aGreenberg, Mike; Greenberg, Stacy Steponate
245 _aMVP: Most Valuable Puppy
250 _afirst edition
260 _aNew York:
_bAladdin,
_cc2018.
300 _a17 unnumbered pages with plates
_bColour illustrations
_c28cm
521 _aAges 4-8
_btitle on the book
700 _aPang, Bonnie
_eillustrator
_9158862
942 _y12584
_zSanelisiwe Majola
942 _2lcc
942 _2ddc
_cBOOK
942 _2ddc
_cBOOK
942 _2ddc
_cBOOK
942 _2ddc
_cBOOK
999 _c752414
_d752413